| 000 | 00916cam a22002411 4500 | ||
|---|---|---|---|
| 999 |
_c2087 _d2087 |
||
| 001 | 3590356 | ||
| 003 | OSt | ||
| 005 | 20200212173303.0 | ||
| 008 | 690214s1969 nyua b 001 0 eng | ||
| 020 | _a07-044245-2 | ||
| 040 | _cIMU-KC | ||
| 082 | 0 | 0 |
_a620 _bM9961 |
| 245 | 0 | 0 |
_aHandbook of ocean and underwater engineering / _cPrepared under the auspices of North American Rockwell Corporation. Editor-in-chief: John J. Myers; associate editor: Carl H. Holm; contributing editor: Raymond F. McAllister. |
| 260 |
_aNew York _bMcGraw-Hill _c1969 |
||
| 300 |
_a1100 p. (various pagings) _b673 ill. _c23 cm. |
||
| 504 | _aIncludes bibliographies. | ||
| 650 | 0 | _aOcean engineering. | |
| 700 | 1 |
_aMyers, John J., _eeditor-in-chief |
|
| 700 |
_aHolm, Carl H. _eAssociate editor _91681 |
||
| 700 |
_aMcAllister, Raymond F. _eContributing editor _91683 |
||
| 710 | 2 | _aNorth American Rockwell Corporation. | |
| 942 |
_2ddc _cBK |
||